000 01237nam0a22002891 4500
001 rc\3561948
005 20250610042139.0
021 _aRU
_b76-96354
035 _a(NLR Aleph) 007686281
090 _a6592739
_c6592739
100 _a20130115d1976 |||y0rusy50 ca
101 0 _arus
102 _aRU
105 _aa z |||||
200 1 _aНовое в технологии изготовления сварных конструкций с кольцевыми швами большой толщины
_fЛенингр. организация о-ва "Знание" РСФСР. Ленингр. дом науч.-техн. пропаганды
210 _aЛенинград
_cБ. и.
_d1976
215 _a28 с.
_cил.
_d21
225 1 _aСерия - Прогрессивные методы обработки металлов и сплавов
300 _aПеред загл. авт.: Г.П. Карзов, Б.Т. Тимофеев, В.А. Игнатов и др.
701 1 _aТимофеев
_bБ.Т.
701 1 _aИгнатов
_bВ.А.
701 1 _aКарзов
_bГ.П.
_gГеоргий Павлович
801 0 _aRU
_bNLR
_gpsbo
801 1 _aRU
_bELAR
_2rusmarc
852 _aNLR
_j77-6/10289
942 _cBOOK
980 _aNB